000 01505nam a2200337 a 4500
001 000022478
005 20251120073732.0
008 101012s1995 dr 000 0 spa d
020 _a848954803X
040 _aDO-SdBNP
_bspa
_cBNPHU
082 _a320.97293
_bE79s
245 0 0 _aEstado de situación de la democracia dominicana (1978-1992) /
_cRamonina Brea... [et.al.].
260 _aSanto Domingo :
_bPUCMM,
_c1995.
300 _a251 p. ;
_c24 cm.
500 _aIncluye índice de cuadros y gráficos
500 _aIncluye referencias bibliográficas y notas al pie de las páginas
504 _aBibliografía : p. 237-243
505 0 _aLa democracia dominicana en los últimos quince años -- Los partidos políticos y los procesos políticos -- La participación política: desafíos y diferencias -- La cultura política -- Las elecciones en la encrucijada de la democracia
590 _aInventariado, 2018/ YL
650 0 _aDemocracia
_9286
651 4 _aRepública Dominicana
_xPolítica Y Gobierno
_y1978-1992
_946315
650 4 _aPartidos políticos
_zRepública Dominicana
_y1978-1992
_946316
650 4 _aParticipación política
_zRepública Dominicana
_y1978-1992
_946317
650 4 _aCultura politica
_y1978-1992
_946318
700 1 2 _aBrea, Ramonina
_98319
700 1 2 _aDuarte, Isis
_92123
700 1 2 _aTejada, Ramón
_946319
700 1 2 _aBáez, Clara
_99467
710 2 _aPontificia Universidad Católica Madre y Maestra
_9843
910 _aValidado. Control de calidad MFF
999 _c21976
_d21976